[Event "GER-ch U16 Girls"]
[Site "Willingen"]
[Date "2018.05.26"]
[Round "9"]
[White "Gauchel, Verena"]
[Black "Voss, Henrike"]
[Result "1/2-1/2"]
[WhiteElo "1582"]
[BlackElo "1573"]
[PlyCount "63"]
[EventDate "2018.05.19"]
[EventType "swiss"]
[EventRounds "9"]
[EventCountry "GER"]
[SourceTitle "CBM 184 Extra"]
[Source "ChessBase"]
[SourceDate "2018.06.28"]
[SourceVersion "1"]
[SourceVersionDate "2018.06.28"]
[SourceQuality "1"]

1. d4 d5 2. c4 dxc4 3. Nf3 Nf6 4. Bf4 e6 5. e3 a6 6. Bxc4 b5 7. Bd3 c5 8. Bg5 Bb7 9. 0-0 Nbd7 10. Nbd2 h6 11. Bh4 Be7 12. Rc1 cxd4 13. Nxd4 Nc5 14. Be2 Nd5 15. Bxe7 Qxe7 16. N2b3 Nxb3 17. Qxb3 0-0 18. Bf3 Rac8 19. a3 Rc7 20. Rc2 Rfc8 21. Rfc1 Qd7 22. h3 Rxc2 23. Rxc2 Rc7 24. Rxc7 Qxc7 25. Qc2 Qxc2 26. Nxc2 Kf8 27. Nb4 Ke7 28. Nxd5+ Bxd5 29. Bxd5 exd5 30. b4 Ke6 31. Kf1 d4 32. Ke2 1/2-1/2

[Event "GER-ch U16 Girls"]
[Site "Willingen"]
[Date "2018.05.25"]
[Round "8"]
[White "Bui, Ngoc Han Julia"]
[Black "Voss, Henrike"]
[Result "1/2-1/2"]
[WhiteElo "1864"]
[BlackElo "1573"]
[PlyCount "61"]
[EventDate "2018.05.19"]
[EventType "swiss"]
[EventRounds "9"]
[EventCountry "GER"]
[SourceTitle "CBM 184 Extra"]
[Source "ChessBase"]
[SourceDate "2018.06.28"]
[SourceVersion "1"]
[SourceVersionDate "2018.06.28"]
[SourceQuality "1"]

1. e4 e5 2. Nf3 Nc6 3. Bb5 a6 4. Ba4 Nf6 5. d3 d6 6. 0-0 g6 7. c3 Bg7 8. Re1 0-0 9. h3 h6 10. Nbd2 Nh5 11. Nf1 f5 12. exf5 Nf4 13. Bxf4 exf4 14. fxg6 Bf5 15. d4 Kh8 16. Bc2 Qf6 17. Bxf5 Qxf5 18. Nh4 Qg5 19. Qg4 Bf6 20. Qd7 Be7 21. Nf3 Qxg6 22. Rxe7 Nxe7 23. Qxe7 Rf7 24. Nh4 Qg7 25. Qe4 Rg8 26. g3 Qf6 27. Kh2 Re7 28. Qf3 fxg3+ 29. fxg3 Qxf3 30. Nxf3 Re2+ 31. Kg1 1/2-1/2

[Event "GER-ch U16 Girls"]
[Site "Willingen"]
[Date "2018.05.24"]
[Round "7"]
[White "Voss, Henrike"]
[Black "Puls, Luisa"]
[Result "1-0"]
[WhiteElo "1573"]
[BlackElo "1408"]
[PlyCount "105"]
[EventDate "2018.05.19"]
[EventType "swiss"]
[EventRounds "9"]
[EventCountry "GER"]
[SourceTitle "CBM 184 Extra"]
[Source "ChessBase"]
[SourceDate "2018.06.28"]
[SourceVersion "1"]
[SourceVersionDate "2018.06.28"]
[SourceQuality "1"]

1. e4 e5 2. Nf3 d6 3. Bc4 Be7 4. d4 exd4 5. Nxd4 Nf6 6. Nc3 0-0 7. Bd3 c6 8. Bf4 Re8 9. 0-0 Bf8 10. Qd2 b5 11. a3 a6 12. Nf3 c5 13. e5 dxe5 14. Bxe5 Nc6 15. Bxf6 Qxf6 16. Nd5 Qd6 17. Rad1 Bb7 18. Qg5 Be7 19. Qh5 g6 20. Nxe7+ Nxe7 21. Ng5 gxh5 22. Bxh7+ Kg7 23. Rxd6 f6 24. Ne4 Nc8 25. Rd7+ Re7 26. Rfd1 Kxh7 27. Rxe7+ Nxe7 28. Rd7 Bxe4 29. Rxe7+ Kg6 30. Rxe4 Rd8 31. Kf1 Rd2 32. Re2 Rd1+ 33. Re1 Rd2 34. Re2 Rd1+ 35. Re1 Rd2 36. Rc1 Kg5 37. Ke1 Rd4 38. Rd1 Rxd1+ 39. Kxd1 Kf4 40. Kd2 h4 41. h3 a5 42. Kd3 f5 43. c4 b4 44. axb4 axb4 45. b3 Ke5 46. g3 hxg3 47. fxg3 Kf6 48. h4 Kg6 49. Ke3 Kh6 50. Kf4 Kg6 51. h5+ Kxh5 52. Kxf5 Kh6 53. Ke5 1-0

[Event "GER-ch U16 Girls"]
[Site "Willingen"]
[Date "2017.06.08"]
[Round "7"]
[White "Voss, Henrike"]
[Black "Luecke, Kristina"]
[Result "1-0"]
[WhiteElo "1684"]
[BlackElo "1441"]
[PlyCount "47"]
[EventDate "2017.06.04"]
[EventType "swiss"]
[EventRounds "9"]
[EventCountry "GER"]
[SourceTitle "CBM 178 Extra"]
[Source "ChessBase"]
[SourceDate "2017.06.22"]
[SourceVersion "1"]
[SourceVersionDate "2017.06.22"]
[SourceQuality "1"]

1. e4 c5 2. Nf3 Nc6 3. Bb5 e6 4. 0-0 Nge7 5. c3 a6 6. Ba4 b5 7. Bc2 Ng6 8. d4 cxd4 9. Nxd4 Bb7 10. Be3 Nce5 11. Nd2 d5 12. exd5 Bxd5 13. f4 Nd7 14. f5 Nh4 15. fxe6 fxe6 16. Be4 Nc5 17. Nc6 Qd6 18. Qh5+ g6 19. Qxh4 Qxc6 20. Bxd5 exd5 21. Bd4 Be7 22. Rae1 Ne4 23. Qh6 Bg5 24. Qxg5 1-0

[Event "GER-ch U16 Girls"]
[Site "Willingen"]
[Date "2017.06.04"]
[Round "1"]
[White "Voss, Henrike"]
[Black "Moenster, Madita"]
[Result "0-1"]
[WhiteElo "1684"]
[BlackElo "1873"]
[PlyCount "62"]
[EventDate "2017.06.04"]
[EventType "swiss"]
[EventRounds "9"]
[EventCountry "GER"]
[SourceTitle "CBM 178 Extra"]
[Source "ChessBase"]
[SourceDate "2017.06.22"]
[SourceVersion "1"]
[SourceVersionDate "2017.06.22"]
[SourceQuality "1"]

1. e4 c5 2. Nf3 Nc6 3. Bb5 d6 4. 0-0 Bd7 5. Re1 Nf6 6. c3 a6 7. Bf1 Bg4 8. h3 Bh5 9. d4 cxd4 10. cxd4 e5 11. d5 Nb8 12. Bg5 Be7 13. Nbd2 h6 14. Bxf6 Bxf6 15. Qb3 b6 16. Rac1 0-0 17. a4 Bxf3 18. gxf3 Bg5 19. Rc2 Bxd2 20. Rd1 Bg5 21. Qa3 Ra7 22. b4 Rc7 23. Rc3 Rxc3 24. Qxc3 Qd7 25. a5 Rc8 26. Qb2 b5 27. Kh2 Qc7 28. Bd3 Qc3 29. Qb1 Bd2 30. Qa2 Bf4+ 31. Kg2 Qxb4 0-1

[Event "GER-ch U14 Girls"]
[Site "Willingen"]
[Date "2016.05.17"]
[Round "5"]
[White "Kobald, Jacqueline"]
[Black "Voss, Henrike"]
[Result "1/2-1/2"]
[WhiteElo "1649"]
[BlackElo "1503"]
[PlyCount "76"]
[EventDate "2016.05.15"]
[EventType "swiss"]
[EventRounds "9"]
[EventCountry "GER"]
[SourceTitle "CBM 172 Extra"]
[Source "ChessBase"]
[SourceDate "2016.06.21"]
[SourceVersion "1"]
[SourceVersionDate "2016.06.21"]
[SourceQuality "1"]

1. e4 e5 2. Nf3 Nc6 3. Bb5 a6 4. Ba4 Nf6 5. d3 Bc5 6. 0-0 b5 7. Bb3 0-0 8. h3 d6 9. c3 Bb6 10. Re1 h6 11. Nbd2 Ne7 12. Nf1 Ng6 13. a4 Bd7 14. Ng3 c6 15. Be3 Rb8 16. axb5 axb5 17. Ra6 Bc8 18. Ra3 Nh7 19. Qd2 Bxe3 20. fxe3 Ng5 21. Rf1 Be6 22. Qc2 Nxf3+ 23. Rxf3 Nh4 24. Rf1 Qg5 25. Qf2 Bxb3 26. Rxb3 Ra8 27. Nf5 Nxf5 28. exf5 Qf6 29. Rb4 Ra4 30. Rxa4 bxa4 31. e4 c5 32. Ra1 Ra8 33. Qc2 Qg5 34. Rxa4 Rxa4 35. Qxa4 Qe3+ 36. Kh1 Qc1+ 37. Kh2 Qf4+ 38. Kg1 Qe3+ 1/2-1/2

[Event "GER-chT U20 Girls"]
[Site "Osnabrueck"]
[Date "2015.12.30"]
[Round "7.2"]
[White "Koch, Elisabeth"]
[Black "Voss, Henrike"]
[Result "1-0"]
[WhiteElo "1717"]
[BlackElo "1432"]
[PlyCount "33"]
[EventDate "2015.12.27"]
[EventType "team-swiss"]
[EventRounds "7"]
[EventCountry "GER"]
[SourceTitle "EXT 2017"]
[Source "ChessBase"]
[SourceDate "2016.10.25"]
[SourceVersion "1"]
[SourceVersionDate "2016.10.25"]
[SourceQuality "1"]
[WhiteTeam "Weissensee Chemie U20 Girls"]
[BlackTeam "Hamburger SK"]
[WhiteTeamCountry "GER"]
[BlackTeamCountry "GER"]

1. e4 e5 2. Nf3 Nc6 3. Bc4 Bc5 4. c3 Nf6 5. d3 d6 6. 0-0 0-0 7. Nbd2 a6 8. Bb3 Ne7 9. d4 exd4 10. cxd4 Bd7 11. e5 dxe5 12. dxe5 Nfd5 13. Ne4 Bf5 14. Ng3 Be6 15. Ng5 Ng6 16. Qh5 h6 17. Nxe6 1-0

[Event "GER-chT U20 Girls"]
[Site "Osnabrueck"]
[Date "2015.12.29"]
[Round "5.2"]
[White "Voss, Henrike"]
[Black "Lederer, Leia"]
[Result "0-1"]
[WhiteElo "1432"]
[BlackElo "1541"]
[PlyCount "81"]
[EventDate "2015.12.27"]
[EventType "team-swiss"]
[EventRounds "7"]
[EventCountry "GER"]
[SourceTitle "EXT 2017"]
[Source "ChessBase"]
[SourceDate "2016.10.25"]
[SourceVersion "1"]
[SourceVersionDate "2016.10.25"]
[SourceQuality "1"]
[WhiteTeam "Hamburger SK"]
[BlackTeam "Stuttgart Wolfbusch"]
[WhiteTeamCountry "GER"]
[BlackTeamCountry "GER"]

1. e4 e5 2. Nf3 Nc6 3. Bc4 Nf6 4. d3 Bc5 5. c3 0-0 6. 0-0 d6 7. Bb3 Bg4 8. Re1 Ne7 9. Nbd2 Ng6 10. Nf1 Nh5 11. Ne3 Bxe3 12. fxe3 Nh4 13. Qe2 Kh8 14. Qf2 Bxf3 15. gxf3 f5 16. f4 fxe4 17. dxe4 Qf6 18. f5 g6 19. Kh1 gxf5 20. Bd1 fxe4 21. Qxf6+ Nxf6 22. Bd2 Nf3 23. Re2 Ng4 24. h3 Nxd2 25. hxg4 Nf3 26. Bc2 d5 27. c4 c6 28. cxd5 cxd5 29. Rg1 Rg8 30. g5 d4 31. Rg4 h6 32. Rg3 hxg5 33. Rh3+ Kg7 34. exd4 exd4 35. Rd2 e3 36. Rxd4 g4 37. Rd7+ Kf6 38. Rh6+ Kg5 39. Rhd6 Rgd8 40. Rxd8 Rxd8 41. Re6 0-1

[Event "BL2 Ost 1516 (Women)"]
[Site "Germany"]
[Date "2015.09.26"]
[Round "1.6"]
[White "Voss, Henrike"]
[Black "Duchrow, Stephanie"]
[Result "1-0"]
[WhiteElo "1579"]
[BlackElo "1419"]
[PlyCount "97"]
[EventDate "2015.09.26"]
[EventType "team-tourn"]
[EventRounds "7"]
[EventCountry "GER"]
[SourceTitle "EXT 2017"]
[Source "ChessBase"]
[SourceDate "2016.10.25"]
[SourceVersion "1"]
[SourceVersionDate "2016.10.25"]
[SourceQuality "1"]
[WhiteTeam "Hamburger SK (W) II"]
[BlackTeam "Loeberitz (W)"]
[WhiteTeamCountry "GER"]
[BlackTeamCountry "GER"]

1. e4 g6 2. d4 Bg7 3. Nf3 d6 4. Bc4 Nf6 5. Nc3 0-0 6. 0-0 Nbd7 7. Re1 e5 8. h3 a6 9. Bg5 Qe8 10. Qd2 b5 11. Bb3 Bb7 12. Qe3 c5 13. dxc5 dxc5 14. Bd5 Nxd5 15. Nxd5 Rc8 16. Bh6 f6 17. Rad1 Qe6 18. a3 Rfd8 19. Rd2 Nb6 20. Nxb6 Qxb6 21. Bxg7 Kxg7 22. Red1 Rxd2 23. Rxd2 Rd8 24. b4 Rxd2 25. Nxd2 Qd8 26. bxc5 Qd7 27. Qd3 Bc6 28. Nb3 Qc7 29. Qd6 Qxd6 30. cxd6 Kf7 31. Nc5 a5 32. f3 a4 33. c3 h6 34. h4 f5 35. Kf2 fxe4 36. fxe4 h5 37. Kf3 Ke8 38. g4 Kf7 39. g5 Ba8 40. Ke3 Bc6 41. Kd3 Ba8 42. c4 Bc6 43. Kc3 Ke8 44. Kb4 bxc4 45. Kxc4 Kd8 46. Kb4 Kc8 47. Ka5 Kb8 48. Kb6 Ba8 49. d7 1-0

[Event "GER-chT Federal Cup (Women)"]
[Site "Braunfels"]
[Date "2015.06.05"]
[Round "3.8"]
[White "Voss, Henrike"]
[Black "Metzner, Anita"]
[Result "1-0"]
[WhiteElo "1327"]
[BlackElo "1558"]
[PlyCount "53"]
[EventDate "2015.06.04"]
[EventType "team-swiss"]
[EventRounds "5"]
[EventCountry "GER"]
[SourceTitle "CBM 167 Extra"]
[Source "ChessBase"]
[SourceDate "2015.09.14"]
[SourceVersion "1"]
[SourceVersionDate "2015.09.14"]
[SourceQuality "1"]
[WhiteTeam "Hamburg (W)"]
[BlackTeam "Bayern (W)"]
[WhiteTeamCountry "GER"]
[BlackTeamCountry "GER"]

1. e4 c6 2. d4 d5 3. e5 Bf5 4. Nf3 e6 5. Bd3 Bxd3 6. Qxd3 Nd7 7. 0-0 c5 8. Qe2 cxd4 9. Nxd4 Qb6 10. c3 Ne7 11. Kh1 Ng6 12. f4 Bc5 13. Nb3 0-0-0 14. Nxc5 Qxc5 15. Be3 Qc4 16. Qf2 b6 17. Nd2 Qc6 18. b4 Kb7 19. Rfc1 Rc8 20. a4 a6 21. Qf1 Ra8 22. c4 Ngxe5 23. fxe5 Nxe5 24. Bd4 Nd7 25. Qf4 f6 26. cxd5 e5 27. dxc6+ 1-0

[Event "GER-chT North U12"]
[Site "Magdeburg"]
[Date "2014.09.12"]
[Round "3.3"]
[White "Sauer, Jakob1111"]
[Black "Voss, Henrike"]
[Result "1/2-1/2"]
[WhiteElo "1424"]
[BlackElo "1443"]
[PlyCount "93"]
[EventDate "2014.09.11"]
[EventType "team-swiss"]
[EventRounds "7"]
[EventCountry "GER"]
[SourceTitle "EXT 2016"]
[Source "ChessBase"]
[SourceDate "2015.10.08"]
[SourceVersion "1"]
[SourceVersionDate "2015.10.08"]
[SourceQuality "1"]
[WhiteTeam "Berlin Schachunion"]
[BlackTeam "Hamburg"]
[WhiteTeamCountry "GE2"]
[BlackTeamCountry "GER"]

1. e4 e5 2. Nf3 Nc6 3. Bc4 Bc5 4. c3 Nf6 5. d4 exd4 6. e5 d5 7. exf6 dxc4 8. fxg7 Rg8 9. cxd4 Bb4+ 10. Nc3 Rxg7 11. Qe2+ Be6 12. 0-0 Nxd4 13. Nxd4 Qxd4 14. Nb5 Qc5 15. Nc3 0-0-0 16. Ne4 Qe5 17. Ng3 Qxe2 18. Nxe2 Bd2 19. Rd1 Bxc1 20. Rxd8+ Kxd8 21. Rxc1 h5 22. Nf4 Rg5 23. Nxe6+ fxe6 24. Rxc4 Rd5 25. g3 Rd2 26. Rb4 b6 27. Rb5 Rd5 28. Rxd5+ exd5 29. f4 d4 30. Kf2 c5 31. Ke2 c4 32. Kd2 Ke7 33. a3 b5 34. Kc2 Ke6 35. h3 Kf5 36. Kd2 Ke4 37. Ke2 a5 38. Kd2 b4 39. axb4 axb4 40. Kd1 d3 41. Kd2 Kd4 42. f5 Ke5 43. g4 hxg4 44. hxg4 Kf6 45. Ke3 Ke5 46. Kd2 Kf6 47. Ke3 1/2-1/2

[Event "GER-chT North U12"]
[Site "Magdeburg"]
[Date "2014.09.12"]
[Round "4.3"]
[White "Voss, Henrike"]
[Black "Hoefs, Cederik"]
[Result "1-0"]
[WhiteElo "1443"]
[BlackElo "1129"]
[PlyCount "33"]
[EventDate "2014.09.11"]
[EventType "team-swiss"]
[EventRounds "7"]
[EventCountry "GER"]
[SourceTitle "EXT 2016"]
[Source "ChessBase"]
[SourceDate "2015.10.08"]
[SourceVersion "1"]
[SourceVersionDate "2015.10.08"]
[SourceQuality "1"]
[WhiteTeam "Hamburg"]
[BlackTeam "Harksheide"]
[WhiteTeamCountry "GER"]
[BlackTeamCountry "GER"]

1. e4 c6 2. d4 d5 3. exd5 cxd5 4. Nf3 Bg4 5. Be2 e6 6. h3 Bh5 7. a3 Bd6 8. Nc3 Nf6 9. Bg5 0-0 10. Ne5 Bxe2 11. Qxe2 Na6 12. 0-0-0 Rc8 13. f4 Be7 14. Ng4 Rxc3 15. Nxf6+ gxf6 16. Bh6 Rc6 17. Qg4+ 1-0

[Event "GER-chT North U12"]
[Site "Magdeburg"]
[Date "2014.09.11"]
[Round "2.3"]
[White "Voss, Henrike"]
[Black "Breitzmann, Sander"]
[Result "1-0"]
[WhiteElo "1443"]
[BlackElo "1329"]
[PlyCount "101"]
[EventDate "2014.09.11"]
[EventType "team-swiss"]
[EventRounds "7"]
[EventCountry "GER"]
[SourceTitle "EXT 2016"]
[Source "ChessBase"]
[SourceDate "2015.10.08"]
[SourceVersion "1"]
[SourceVersionDate "2015.10.08"]
[SourceQuality "1"]
[WhiteTeam "Hamburg"]
[BlackTeam "Berlin Empor"]
[WhiteTeamCountry "GER"]
[BlackTeamCountry "GER"]

1. e4 e5 2. Nf3 Nc6 3. Bc4 Bc5 4. b4 Bxb4 5. c3 Be7 6. d4 Na5 7. Be2 Nf6 8. Nbd2 exd4 9. cxd4 d5 10. Qa4+ c6 11. e5 Ne4 12. Bb2 Nxd2 13. Nxd2 b5 14. Qc2 Nc4 15. Nxc4 bxc4 16. 0-0 0-0 17. Bc3 c5 18. f4 f6 19. f5 fxe5 20. dxe5 Kh8 21. Be1 Bg5 22. Bg4 Be3+ 23. Bf2 Bd4 24. Rae1 Qe7 25. Bxd4 cxd4 26. f6 Qc5 27. Qd1 d3+ 28. Kh1 Qd4 29. fxg7+ Kxg7 30. e6 d2 31. Rxf8 dxe1Q+ 32. Qxe1 Bxe6 33. Rxa8 Bxg4 34. h3 Bf5 35. Qe7+ Kh6 36. Rxa7 c3 37. Ra6+ Bg6 38. h4 Qg4 39. Qe3+ Kh5 40. Qxc3 Be4 41. Qe5+ Qf5 42. Qxf5+ Bxf5 43. g3 Kg4 44. Kg2 Be4+ 45. Kf2 d4 46. a4 d3 47. Rd6 Kf5 48. a5 Ke5 49. Rd8 Bg6 50. a6 Be4 51. a7 1-0

[Event "GER-ch U12"]
[Site "Magdeburg"]
[Date "2014.06.13"]
[Round "9"]
[White "Wong, Gengchun"]
[Black "Voss, Henrike"]
[Result "1-0"]
[WhiteElo "1850"]
[BlackElo "1456"]
[PlyCount "63"]
[EventDate "2014.06.08"]
[EventType "swiss"]
[EventRounds "11"]
[EventCountry "GER"]
[SourceTitle "CBM 160 Extra"]
[Source "ChessBase"]
[SourceDate "2014.07.01"]
[SourceVersion "1"]
[SourceVersionDate "2014.07.01"]
[SourceQuality "1"]

1. e4 e5 2. Nf3 Nc6 3. Bb5 Nf6 4. 0-0 Nxe4 5. d4 Nd6 6. Bxc6 dxc6 7. dxe5 Nf5 8. Qxd8+ Kxd8 9. Nc3 h6 10. h3 Be7 11. Bf4 Be6 12. b3 Kc8 13. Rad1 b6 14. g4 Nh4 15. Nxh4 Bxh4 16. Ne2 c5 17. Kg2 Kb7 18. Bg3 Bg5 19. f4 Be7 20. f5 Bc8 21. Nf4 c6 22. Rfe1 Rd8 23. Rxd8 Bxd8 24. e6 fxe6 25. fxe6 Be7 26. Ng6 Bf6 27. Bd6 a5 28. a4 Ka6 29. Nf8 Bb7 30. e7 Re8 31. Ne6 Bxe7 32. Nc7+ 1-0

[Event "GER-ch U12"]
[Site "Magdeburg"]
[Date "2014.06.08"]
[Round "2"]
[White "Rapp, Lukas"]
[Black "Voss, Henrike"]
[Result "1-0"]
[WhiteElo "1216"]
[BlackElo "1456"]
[PlyCount "67"]
[EventDate "2014.06.08"]
[EventType "swiss"]
[EventRounds "11"]
[EventCountry "GER"]
[SourceTitle "CBM 160 Extra"]
[Source "ChessBase"]
[SourceDate "2014.07.01"]
[SourceVersion "1"]
[SourceVersionDate "2014.07.01"]
[SourceQuality "1"]

1. d4 Nf6 2. g3 d5 3. Bg2 Bf5 4. e3 e6 5. Ne2 h6 6. 0-0 Be7 7. c4 c6 8. b3 0-0 9. Ba3 Nbd7 10. Bxe7 Qxe7 11. Nbc3 Rad8 12. Re1 Rfe8 13. Qd2 Bh7 14. Nf4 Nf8 15. e4 dxe4 16. Nxe4 e5 17. Nxf6+ Qxf6 18. dxe5 Rxe5 19. Qb4 Rd7 20. Qa4 a6 21. Nh3 Ne6 22. f4 Rc5 23. Qb4 Bc2 24. Nf2 Qd4 25. Qb6 Kf8 26. Rac1 Qb2 27. Bh3 Rh5 28. Bg4 Rxh2 29. Kxh2 Nd4 30. Kg2 Rd6 31. Qc7 Kg8 32. Qxd6 Qc3 33. Red1 Qe3 34. Qxd4 1-0

[Event "GER-ch U12"]
[Site "Magdeburg"]
[Date "2014.06.08"]
[Round "1"]
[White "Voss, Henrike"]
[Black "Roseneck, Jonas"]
[Result "0-1"]
[WhiteElo "1456"]
[BlackElo "1814"]
[PlyCount "64"]
[EventDate "2014.06.08"]
[EventType "swiss"]
[EventRounds "11"]
[EventCountry "GER"]
[SourceTitle "CBM 160 Extra"]
[Source "ChessBase"]
[SourceDate "2014.07.01"]
[SourceVersion "1"]
[SourceVersionDate "2014.07.01"]
[SourceQuality "1"]

1. e4 c5 2. c3 Nf6 3. e5 Nd5 4. d4 cxd4 5. cxd4 e6 6. a3 d6 7. Bd3 Bd7 8. Nf3 Bc6 9. 0-0 Nd7 10. Bd2 dxe5 11. dxe5 g6 12. Nc3 Nxc3 13. Bxc3 Bg7 14. Re1 0-0 15. Qe2 Re8 16. Rad1 Qb6 17. Nd2 Red8 18. Nc4 Qc7 19. Nd6 Nxe5 20. Bxe5 Bxe5 21. Qxe5 Qxd6 22. Qc3 Rac8 23. Qb3 Qd5 24. Qxd5 Rxd5 25. Bc4 Rxd1 26. Rxd1 Kg7 27. f3 Kf6 28. Kf2 Ba4 29. Rd4 e5 30. Re4 Bc2 31. Rh4 g5 32. Rh6+ Kg7 0-1

[Event "GER-chT U14 Girls"]
[Site "Magdeburg"]
[Date "2013.12.27"]
[Round "2.1"]
[White "Reyher, Susan"]
[Black "Voss, Henrike"]
[Result "1-0"]
[WhiteElo "1462"]
[BlackElo "1244"]
[PlyCount "91"]
[EventDate "2013.12.27"]
[EventType "team-swiss"]
[EventRounds "4"]
[EventCountry "GER"]
[SourceTitle "EXT 2015"]
[Source "ChessBase"]
[SourceDate "2014.11.20"]
[SourceVersion "1"]
[SourceVersionDate "2014.11.20"]
[SourceQuality "1"]
[WhiteTeam "Leegebruch"]
[BlackTeam "Schachelschweine"]
[WhiteTeamCountry "GER"]
[BlackTeamCountry "GER"]

1. e4 e5 2. Nf3 Nc6 3. Bc4 Bc5 4. c3 Nf6 5. d4 exd4 6. cxd4 Bb4+ 7. Bd2 Bxd2+ 8. Nbxd2 d6 9. 0-0 0-0 10. Re1 Be6 11. d5 Bxd5 12. exd5 Ne7 13. Ne4 Nxe4 14. Rxe4 c6 15. dxc6 d5 16. Rd4 bxc6 17. Bb3 Qd6 18. Rd3 Rad8 19. Qd2 c5 20. Rd1 Qb6 21. Bxd5 Nxd5 22. Rxd5 Rxd5 23. Qxd5 Qxb2 24. Qxc5 Qxa2 25. Qd5 Qc2 26. Qd3 Qc7 27. Ng5 g6 28. Qh3 h5 29. Qe3 Rc8 30. Ne4 Kg7 31. Qd4+ Kh6 32. Nd6 Rb8 33. Qf4+ Kh7 34. Qxf7+ Qxf7 35. Nxf7 Rb7 36. Ne5 Re7 37. Rd7 Rxd7 38. Nxd7 a5 39. Nc5 Kg7 40. Kf1 Kf7 41. Ke2 Ke7 42. Kd3 Kd6 43. Kd4 Kc6 44. h3 Kb5 45. g4 a4 46. Nxa4 1-0

[Event "GER-ch U12"]
[Site "Oberhof"]
[Date "2013.05.24"]
[Round "10"]
[White "Walow, Xenia"]
[Black "Voss, Henrike"]
[Result "1/2-1/2"]
[WhiteElo "1271"]
[BlackElo "1063"]
[PlyCount "57"]
[EventDate "2013.05.19"]
[EventType "swiss"]
[EventRounds "11"]
[EventCountry "GER"]
[SourceTitle "CBM 154 Extra"]
[Source "ChessBase"]
[SourceDate "2013.06.25"]
[SourceVersion "2"]
[SourceVersionDate "2013.06.25"]
[SourceQuality "1"]

1. d4 Nf6 2. c4 c5 3. Nc3 e6 4. e4 d5 5. cxd5 exd5 6. Bd3 cxd4 7. Bb5+ Bd7 8. Bxd7+ Qxd7 9. Qxd4 dxe4 10. Qe3 Qe6 11. a3 Nc6 12. Nb5 Bd6 13. Ne2 a6 14. Nxd6+ Qxd6 15. f3 Qe5 16. f4 Qf5 17. Ng3 Qd5 18. 0-0 Qd4 19. Re1 Rd8 20. h3 0-0 21. Kh2 Qxe3 22. Bxe3 Rfe8 23. b4 Nd5 24. Rad1 Nxe3 25. Rxd8 Rxd8 26. Rxe3 Rd4 27. Nxe4 f5 28. Ng5 Rd8 29. Nf3 1/2-1/2